Qué es la fábula /

Guardado en:
Autor Principal: Domínguez, María Alicia
Formato: Libro
Publicado: Buenos Aires : Columba, 1969
Series:Colección Esquemas; No. 96
Materias:
Etiquetas: Agregar Etiqueta
Sin Etiquetas, Sea el primero en etiquetar este registro!
LEADER 01299nam a22002055a 4500
001 CEM.cems012940
005 20080718085351.0
008 130507s1969##################000#0#####d
003 CEMS
082 0 4 |a 808.31 
100 1 |a Domínguez, María Alicia 
245 1 0 |a Qué es la fábula /  |c María Alicia Domínguez 
260 |a Buenos Aires :  |b Columba,  |c 1969 
300 |a 93 p. 
490 0 |a Colección Esquemas; No. 96 
505 0 |a Orígenes y caracterización de la fábula -- Definiciones de fábula -- Fábula y apólogo -- Esopo -- Una antigua versión española de la biografía fantástica de Esopo -- Fedro -- Jean de La Fontaine -- La fábula en España medieval -- Fábulas de Lope de Vega -- Tomás de Iriarte -- Samaniego -- Los sucesores de Iriarte y Samaniego -- La inmigración de la fábula -- El romanticismo y la fábula -- Domingo de Azcuénaga, primer fabulista argentino, y otros -- Joaquín V. González, y sus fábulas nativas -- Los cuentos del zorro -- Fabulistas actuales -- Las películas de dibujos animados, Walt Disney, el mágico fabulista de nuestro tiempo -- Posibilidad de la fábula en nuestro tiempo -- Antología 
653 |a Fábulas 
653 |a Fábulas-antología 
653 |a Fábulas-concepto 
859 |a CEMS  |b BIB. CEMS - 11 de abril  |h 808.31  |i D713  |p 25203.08  |t Ej.1